| 000 | 00667cam a2200253 4500 | ||
|---|---|---|---|
| 999 |
_c9449 _d9449 |
||
| 001 | 9449 | ||
| 003 | BD-JhCC | ||
| 005 | 20180314162528.0 | ||
| 008 | 701027s1969 pk 000 0 eng | ||
| 035 | _a(BD-JhCC)9449 | ||
| 040 |
_aDLC _cDLC _dDLC _dBD-JhCC |
||
| 041 | _aeng | ||
| 050 | 0 | 0 |
_aDS384 _b.Q3 1969 |
| 082 | 0 | 0 |
_a320.9/549 _bQAM 1969 |
| 100 | 0 | _aQamarul Ahsan. | |
| 245 | 1 | 0 |
_aPolitics and personalities in Pakistan, _cby Syed Qamarul Ahsan. |
| 250 | _a[Rev. and enl. ed.] | ||
| 260 |
_aDacca, _bMohiuddin _c[1969] |
||
| 300 |
_a211 p. _c23 cm. |
||
| 350 | _a8.00 | ||
| 651 | 0 |
_aPakistan _xPolitics and government. |
|
| 942 |
_2ddc _cBK |
||